| 000 | 00379nam a22001457a 4500 | ||
|---|---|---|---|
| 020 | _a 0071416803 | ||
| 082 | _a280 SCB | ||
| 100 |
_aKemp, Sid _969306 |
||
| 245 | _aBudgeting for managers [electronic resource] | ||
| 260 |
_aNew York _bMcGraw-Hill _c2003 |
||
| 300 |
_a203 p _bxiii,ill. 23 cm |
||
| 490 | _aBriefcase book | ||
| 650 |
_aBudget in business _969307 |
||
| 942 | _cBK | ||
| 999 |
_c576651 _d576651 |
||